UBT Library

Musculoskeletal Trauma Simplified (Record no. 56582)

000 -LEADER
fixed length control field 00319nam a22001457a 4500
008 - FIXED-LENGTH DATA ELEMENTS--GENERAL INFORMATION
fixed length control field 210312b ||||| |||| 00| 0 eng d
020 ## - INTERNATIONAL STANDARD BOOK NUMBER
International Standard Book Number 9781903378632
041 ## - LANGUAGE CODE
Language code of text/sound track or separate title eng
080 ## - UNIVERSAL DECIMAL CLASSIFICATION NUMBER
Universal Decimal Classification number 617
082 ## - DEWEY DECIMAL CLASSIFICATION NUMBER
Classification number 617
100 ## - Rafti
Rafti 8
101 ## - Shkurtesa
Shkurtesa ORT
245 ## - TITLE STATEMENT
Title Musculoskeletal Trauma Simplified
Statement of responsibility, etc Diwan,A
942 ## - ADDED ENTRY ELEMENTS (KOHA)
Source of classification or shelving scheme
Item type Books
Holdings
Withdrawn status Lost status Source of classification or shelving scheme Damaged status Not for loan Collection code Permanent location Current location Shelving location Date acquired Total Checkouts Full call number Barcode Date last seen Price effective from Koha item type
          Koleksioni i përgjithshem UBT - Lipjan UBT - Lipjan Koleksioni i përgjithshem 03/12/2021   617 DIW 002-7001894 03/12/2021 03/12/2021 Books
UBT Library © 2015-2024. All rights reserved University Education for Business and Technology